Las mujeres en la Venecia del siglo XVIII /

La autora de este libro tiene como objetivo mostrar lo apasionante que es la historia en femenino, con el propósito, al mismo tiempo, de dar a conocer un momento privilegiado de la condición femenina. La obra trata sobre el papel de la mujer en la sociedad veneciana del siglo XVIII: con base en nume...

ver descrição completa

Na minha lista:
Detalhes bibliográficos
Autor principal: Ravoux-Rallo, Elisabeth (autor)
Formato: Livro
Idioma:espanhol
Publicado em: Madrid, España : Universidad Complutense de Madrid, 2001, c2001
Colecção:(La Mirada de la Historia)
Assuntos:
Tags: Adicionar Tag
Sem tags, seja o primeiro a adicionar uma tag!

MARC

LEADER 00000nam^a2200000^a^4500
001 000141642
005 20250521000000.0
009 20260310095622.08
020 |a 84-7491-624-0 
037 |a Acervo ITESO - Biblioteca 
041 |a ESP 
082 |a 305. 429453107  |b RAV 
100 |a Ravoux-Rallo, Elisabeth  |e (autor) 
245 1 4 |a Las mujeres en la Venecia del siglo XVIII /  |c E. Ravoux-Rallo ; tr. por Ma. Teresa Garín Sanz de Bremond. 
264 4 |a Madrid, España :  |b Universidad Complutense de Madrid,  |c 2001, c2001 
300 |a XVIII, 227 p. 
336 |a texto  |b txt  |2 rdacontenido 
337 |a sin mediación  |b n  |2 rdamedio 
338 |a volumen  |b nc  |2 rdasoporte 
440 4 |a (La Mirada de la Historia) 
500 |a Traducción de: La femme à Venise au temps de Casanova 
520 |a La autora de este libro tiene como objetivo mostrar lo apasionante que es la historia en femenino, con el propósito, al mismo tiempo, de dar a conocer un momento privilegiado de la condición femenina. La obra trata sobre el papel de la mujer en la sociedad veneciana del siglo XVIII: con base en numerosos textos originales, la autora rastrea las actividades científicas, sociales, literarias, culturales, artísticas y políticas de las mujeres, a la vez que aborda la influencia que tuvieron, tanto en la imaginación masculina, como en la toma de decisiones, a pesar de la misoginia de los varones que dominaban la escena política. 
649 |a XX 
650 |a Mujeres Italianas -  |x Condiciones Sociales y Culturales 
650 |a Mujeres Italianas -  |x Condiciones Políticas 
650 |a Género 
650 |a Roles de Género 
650 |a Relaciones Intergénero 
650 |a Discriminación de Género 
650 |a Misoginia 
650 |a Sexualidad 
650 |a Cultura -  |z Venecia, Italia -  |x Historia -  |y Siglo XVIII 
650 |a Arte Italiano -  |y Siglo XVIII 
650 |a Prácticas Culturales -  |z Venecia, Italia 
650 |a Sociología de la Cultura 
650 |a Venecia, Italia -  |x Historia -  |y Siglo XVIII 
650 |a Italia -  |x Historia -  |y Siglo XVIII 
910 |a Fondo General 
920 |a Impresos - Libros 
930 |a Colección General 
905 |a 101 
901 |a 0500070539  |b IT1  |c ACC  |u 20250521 
902 |a https://opac.biblio.iteso.mx/vufind/Record/000141642